000 00471nam a2200157Ia 4500
008 240729s9999 xx 000 0 und d
022 _a2345-4792
245 0 _aJournal of Midwifery & Reproductive Health
260 _aIran, Islamic Republic of
260 _bMashhad University of Medical Sciences
650 _a Gynecology and obstetrics
650 _aMedicine
856 _uhttps://doaj.org/toc/4264566765d7420c989b810f8e765a47
942 _2ddc
942 _cDOAJEJ
999 _c66837
_d66837
945 _a1
_bMadushi Gamage
_c1
_dMadushi Gamage